Mindennapi... A hangszerről. Együtt..

Bibliographic Details
Main Author: Ravasz, József, 1949- (Author)
Other Authors: Tóthpál, Gyula, 1941-2015 (gup)
Format: Article
Language:Hungarian
Slovak
Subjects:

MARC

LEADER 00000nab a2200000 a 4500
001 vtls000434706
003 SK-MaSNL
005 20260302234040.0
008 160202c1991 xo 0 hun
015 |a SNBRB19rr/mm-uuuuu 
035 |a CL0434834 
040 |a SNKBUCL  |b slo  |c SNKBUCL  |e AACR2 
041 0 |a slo 
044 |a xo  |c SK 
080 |a 894.511 (437)-1=945.11  |2 1981 
100 1 |a Ravasz, József,  |d 1949-  |4 aut  |9 192569 
245 1 0 |a Mindennapi... A hangszerről. Együtt..  |c József Ravasz ; Gyula Tóthpál 
650 0 7 |a básne reflexívne  |2 snkbucl  |9 898242 
655 7 |a články z novín a časopisov  |2 snkbucl  |9 267496 
655 7 |a články z odboru literárna veda a krásna literatúra  |2 snkbucl  |9 770045 
700 1 |a Tóthpál, Gyula,  |d 1941-2015  |4 gup  |9 214275 
773 0 |t Roma  |g Roč. 2, č. 3 (1991), s. 20 
850 |a Slovenská národná knižnica v Martine  |a MTA001 
852 |a SNK  |b KIS3GCP 
958 |a RK 
958 |a HU 
958 |a LX 
992 |a RBX 
999 |c 1548921  |d 1550851